<?xml version="1.0" encoding="UTF-8"?><?xml-stylesheet type="text/xsl" href="static/style.xsl"?><OAI-PMH xmlns="http://www.openarchives.org/OAI/2.0/" xmlns:xsi="http://www.w3.org/2001/XMLSchema-instance" xsi:schemaLocation="http://www.openarchives.org/OAI/2.0/ http://www.openarchives.org/OAI/2.0/OAI-PMH.xsd"><responseDate>2026-06-05T14:21:02Z</responseDate><request verb="GetRecord" identifier="oai:riuma.uma.es:10630/18017" metadataPrefix="marc">https://riuma.uma.es/rest/oai/request</request><GetRecord><record><header><identifier>oai:riuma.uma.es:10630/18017</identifier><datestamp>2026-02-03T12:15:43Z</datestamp><setSpec>com_10630_2254</setSpec><setSpec>col_10630_37959</setSpec></header><metadata><record xmlns="http://www.loc.gov/MARC21/slim" xmlns:dcterms="http://purl.org/dc/terms/" xmlns:doc="http://www.lyncode.com/xoai" xmlns:xsi="http://www.w3.org/2001/XMLSchema-instance" xsi:schemaLocation="http://www.loc.gov/MARC21/slim http://www.loc.gov/standards/marcxml/schema/MARC21slim.xsd">
   <leader>00925njm 22002777a 4500</leader>
   <datafield ind2=" " ind1=" " tag="042">
      <subfield code="a">dc</subfield>
   </datafield>
   <datafield ind2=" " ind1=" " tag="720">
      <subfield code="a">Sánchez, Javier</subfield>
      <subfield code="e">author</subfield>
   </datafield>
   <datafield ind2=" " ind1=" " tag="260">
      <subfield code="c">2019-07-11</subfield>
   </datafield>
   <datafield ind2=" " ind1=" " tag="520">
      <subfield code="a">El crítico y comisario de arte Javier Sánchez plantea un interesante enfoque del comisariado de exposiciones de arte contemporáneo analizando un proyecto ya mítico, si bien poco estudiado, de la historia de esta disciplina: la exposición "Les Immatériaux" celebrada en 1985 en el Centre Pompidou de París, curada por Jean-François Lyotard y Thierry Chaput. el proyecto presentaba 5 recorridos, centrados en una idea especulativa, la de los Inmateriales, presentada en paredes grises "color de la postmodernidad" según el filósofo y de las cuales cada uno de los recorridos es una declinación del término "material". Equipados los visitantes con cascos que recibían la emisión de sonido en algunos puntos concretos de la exposición, se transitaba de un transmisor a otro acompañados de las palabras de Lyotard. Javier Sánchez, pues, actualiza con una sagaz relectura esta relevante exposición para traernos al presente una potencia discursiva desde el comisariado artístico, disciplina que hoy se diluye mucho más en el espectáculo que en la elaboración de tesis mediante las obras de arte puestas en escena.</subfield>
   </datafield>
   <datafield ind1="8" ind2=" " tag="024">
      <subfield code="a">https://hdl.handle.net/10630/18017</subfield>
   </datafield>
   <datafield tag="653" ind2=" " ind1=" ">
      <subfield code="a">Arte contemporáneo</subfield>
   </datafield>
   <datafield tag="653" ind2=" " ind1=" ">
      <subfield code="a">Postmodernismo</subfield>
   </datafield>
   <datafield ind2="0" ind1="0" tag="245">
      <subfield code="a">Ontología crítica de la exposición</subfield>
   </datafield>
</record>
</metadata></record></GetRecord></OAI-PMH>